01176 a2200217 4500003000500000005001700005020001500022040000900037082001500046100003400061245011300095250001200208260002000220300000900240505040900249650002100658942001200679999001900691952012400710952012400834Nust20221129135128.0 a9814126047 cNust a519.2, TRI aTrivedi,Shrridharbhai9103774 aProbabilty and Statistics with Reliability queuing andb Compter Science ApplicationscShrridharbhai,Trivedi a2 nd ed aNYbwileyc2002 a819p aIntroduction (Page-1), Discrete Random Variables (Page-61), Continuous Random Variables (Page-115), Expectation (Page-193), Conditional Distribution and Expectation (Page-247), Stochastic Processes (Page-289), Discrete time Markov Chains (Page-337), Continuous Time Markov Chains (Page-405), Networks of Queues (Page-555), Statistical Inference (Page-637), Regression and Analysis of Variance (Page-727), aComputer Science 2ddccBK c176979d176979 00102ddc4070aMCSbMCScGENd2016-12-12o519.2, TRIpMCS30797r2016-12-08w2016-12-12yBKzAlmirah No.14, Shelf No.3 00102ddc4070aMCSbMCScGENd2016-12-12o519.2, TRIpMCS32406r2016-12-08w2016-12-12yBKzAlmirah No.14, Shelf No.3